000 00565nam a2200193Ia 4500
003 GCL
008 140319s9999 xx 000 0 eng d
040 _aGCL /
_cGCL
082 0 4 _a398.2
_bL S
100 1 _aLANE POOLE, STANLEY
245 1 0 _aSTORIES FROM THE THOUSAND AND ONE NIGHTS:?(THE ARABIAN NIGHTS ENTERTAINMENTS) /
_cLANE POOLE, STANLEY
700 1 _aLANE, EDWARD WILLIAM
260 _a[S.N] :
_bGROLIER ENTERPRISES CARV ،
_c1993
300 _a441 P
650 0 4 _aLITERATURE
650 0 4 _aFOLKLORE
650 0 4 _aFOLKLORE LITERATURE
942 _2ddc
_cBK
999 _c12500
_d12500